000 00514nam a2200169Ia 4500
008 090711s9999 xx 000 0 und d
082 _b75679
100 _aभट विठ्ठलराय
245 _aयुगपुरु ष पंSाक
260 _c1991
300 _a72
600 _aभट विठ्ठलराय
630 _aयुगपुरु ष पंSाक
700 _aभट विठ्ठलराय
730 _aयुगपुरु ष पंSाक
942 _cBOOK
999 _c289092
_d289092